Developing skills for social work practice / (Record no. 97849)

MARC details
000 -LEADER
fixed length control field 00925cam a2200289Mi 4500
008 - FIXED-LENGTH DATA ELEMENTS--GENERAL INFORMATION
fixed length control field
020 ## - INTERNATIONAL STANDARD BOOK NUMBER
International Standard Book Number 9781473913776 (paperback)
040 ## - CATALOGING SOURCE
Original cataloging agency NUST
Transcribing agency NUST
049 ## - LOCAL HOLDINGS (OCLC)
Holding library MAIN
090 ## - LOCALLY ASSIGNED LC-TYPE CALL NUMBER (OCLC); LOCAL CALL NUMBER (RLIN)
Classification number (OCLC) (R) ; Classification number, CALL (RLIN) (NR) HV40.8.G7
Local cutter number (OCLC) ; Book number/undivided call number, CALL (RLIN) ROG
003 - CONTROL NUMBER IDENTIFIER
control field
005 - DATE AND TIME OF LATEST TRANSACTION
control field 20230120144507.0
100 1# - MAIN ENTRY--PERSONAL NAME
Personal name Rogers, Michaela.
245 10 - TITLE STATEMENT
Title Developing skills for social work practice /
Statement of responsibility, etc. Michaela Rogers, Dawn Whitaker, David Edmondson and Donna Peach
264 #1 - PRODUCTION, PUBLICATION, DISTRIBUTION, MANUFACTURE, AND COPYRIGHT NOTICE
Place of production, publication, distribution, manufacture London :
Name of producer, publisher, distributor, manufacturer SAGE Publications Ltd,
Date of production, publication, distribution, manufacture, or copyright notice 2017
300 ## - PHYSICAL DESCRIPTION
Extent xiii, 279 pages ;
Dimensions 24 cm
336 ## - CONTENT TYPE
Content type term text
Content type code txt
Source rdacontent
337 ## - MEDIA TYPE
Media type term unmediated
Media type code n
Source rdamedia
338 ## - CARRIER TYPE
Carrier type term volume
Carrier type code nc
Source rdacarrier
500 ## - GENERAL NOTE
General note Includes index.
650 #0 - SUBJECT ADDED ENTRY--TOPICAL TERM
Topical term or geographic name entry element Social service
General subdivision Practice
Geographic subdivision Great Britain
700 1# - ADDED ENTRY--PERSONAL NAME
Personal name Whitaker, Dawn.
700 1# - ADDED ENTRY--PERSONAL NAME
Personal name Edmondson, David.
700 1# - ADDED ENTRY--PERSONAL NAME
Personal name Peach, Donna,
Relator term author
907 ## - LOCAL DATA ELEMENT G, LDG (RLIN)
a .b1041762x
b 09-05-22
c 09-05-22
942 ## - ADDED ENTRY ELEMENTS (KOHA)
Koha item type Ordinary Loan Books
Call number prefix HV40.8.G7
Call number suffix ROG
Holdings
Date last seen Total Checkouts Full call number Barcode Cost, replacement price Price effective from Koha item type Lost status Source of classification or shelving scheme Damaged status Not for loan Collection Withdrawn status Home library Current library Shelving location Date acquired Cost, normal purchase price
01/20/2023   HV40.8.G7 ROG 92004051079 80.00 01/20/2023 BOOKS   LCC     NFIC   MAIN MAIN GEN 01/20/2023 80.00